000 01567nam a22004337a 4500
003 CHAP
005 20220817044139.0
008 070126d2005 mx d r 00110 spa d
010 _a93240
011 _a94212
035 _a104797
040 _cCHAP
090 _aTesis
100 0 0 _aMorett Sánchez, Jorge Luis.
_978765
245 1 0 _aSistema agroalimentario, ruralidad y medio ambiente en México
_c/por Jorge Luis Morett Sánchez
260 _aChapingo, Méx. :
_bEl autor,
_c2005
300 _a209 h. :
_bcuadros
502 _aTesis (M. C. en Sociología Rural) -- UACH. Departamento de Sociología Rural
590 _aALEPH
_b10
_c20130110
_lUCH01
_h1516
590 _aBATCH-UPD
_b10
_c20130110
_lUCH01
_h0744
590 _aBATCH-UPD
_b10
_c20130410
_lUCH01
_h0425
590 _aBATCH-UPD
_b10
_c20130913
_lUCH01
_h2233
590 _aBATCH-UPD
_b10
_c20130914
_lUCH01
_h1545
590 _aCONVERSION
_b10
_c20130109
_lUCH01
_h1352
650 1 4 _aAgricultura e industrializacion.
_92001
650 1 4 _aAgricultura orgánica.
_92005
650 1 4 _aAgricultura
_xInnovaciones tecnológicas.
_91565
650 1 4 _aAgricultura
_zMéxico.
_91932
650 1 4 _aAlimentos
_xAbastecimiento.
650 1 4 _aDesarrollo rural.
_932067
650 1 4 _aEmpresas.
_936635
650 1 4 _aGlobalización.
_948300
650 1 4 _aMedio ambiente.
_974065
901 _aBK
905 _aMarco A. Mendoza T.
942 _cFOLL
949 _aTesis
_bBC
_cTES
_d33724002012603
_eTS1
_gDonaciØn
_h46365
_i104797
_sb
949 _aTesis
_bBC
_cTES
_d33724002012611
_eTS2
_fc.2
_gDonaciØn
_h46366
_i104797
_si
999 _c93240
_d93240